Through African eyes.

Salvato in:
Dettagli Bibliografici
Autore principale: Edwards, Paul
Natura: Libro
Pubblicazione: Cambridge : Cambridge U. P., c1966.
Soggetti:
Tags: Aggiungi Tag
Nessun Tag, puoi essere il primo ad aggiungerne!!

MARC

LEADER 00000cam a2200000u 4500
020 |a NA 
040 |a MUL  |b eng  |e AACR 
082 |a 828.996 EDW 
100 1 |a Edwards, Paul, 
245 1 0 |a Through African eyes.  |c / Paul Edwards 
260 |a Cambridge :  |b Cambridge U. P.,  |c c1966. 
300 |a v. 2 vii, 117 p. ;  |c 22 cm. 
546 |a eng 
650 0 |a African literature 
942 |c BK 
999 |c 6428  |d 6428